Największe transfery sezonu 2014/15. - Statystyki

Ogólne statystyki
  • Ten quiz został rozwiązany 99 razy
  • Średni wynik to 7 z 10
Statystyki odpowiedzi
# Piłkarz Narodowość Klub oddający Kwota transferu Klub pozyskujący % Poprawnych
1 Luis Suárez
81,72 mln €
100%
2 James Rodríguez
75,00 mln €
90%
6 Alexis Sánchez
42,50 mln €
89%
3 Ángel Di María
75,00 mln €
84%
10 Romelu Lukaku
35,36 mln €
81%
4 David Luiz
49,50 mln €
74%
7 Diego Costa
38,00 mln €
53%
8 Luke Shaw
37,50 mln €
33%
9 Ander Herrera
36,00 mln €
29%
5 Eliaquim Mangala
45,00 mln €
26%
Nie znaleziono quizów pasujących do podanych kryteriów
Rozkład punktacji
Procent ludzi z każdym wynikiem
Percentyl według liczby udzielonych odpowiedzi
Twoja historia wyników
Nie rozwiązałeś tego quizu